Rats , Lice And History; (Record no. 213722)

MARC details
000 -LEADER
fixed length control field 00624nam a22002057a 4500
005 - DATE AND TIME OF LATEST TRANSACTION
control field 20251107151557.0
010 ## - LCCN (DPL NO)
LC control number ENG - 147091
020 ## - INTERNATIONAL STANDARD BOOK NUMBER
International Standard Book Number 9789357316989
Terms of availability 499
035 ## - SYSTEM CONTROL NUMBER
System control number EN- 130623
037 ## - SOURCE OF ACQUISITION
Source of stock number/acquisition DBAD
082 ## - DEWEY DECIMAL CLASSIFICATION NUMBER
Classification number 327.2
Edition number 1
100 ## - MAIN ENTRY--PERSONAL NAME
Personal name Zinsser; Hans
245 ## - TITLE STATEMENT
Title Rats , Lice And History;
Statement of responsibility, etc Hans Zinsser
250 ## - EDITION STATEMENT
Edition statement 1
260 ## - PUBLICATION, DISTRIBUTION, ETC. (IMPRINT)
Place of publication, distribution, etc Gurugram
Name of publisher, distributor, etc Hachette Book Publishing India Pvt. Ltd
Date of publication, distribution, etc 2025
270 ## - ADDRESS
Address 4th & 5th Floors,Corporate Centre,Plot No .94 sector 44
City Gurugram
Postal code 122003
300 ## - PHYSICAL DESCRIPTION
Extent 268p.
Dimensions 20cm(pb)
700 ## - ADDED ENTRY--PERSONAL NAME
9 (RLIN) 79478
Personal name Zinsser Hans
942 ## - ADDED ENTRY ELEMENTS (KOHA)
Source of classification or shelving scheme Dewey Decimal Classification
Item type English Books
Call number suffix Zin
Classification part 327.2
Holdings
Withdrawn status Lost status Not for loan Collection code Home library Current library Date acquired Source of acquisition Cost, normal purchase price Full call number Barcode Copy number Cost, replacement price Koha item type
      Non-fiction Mobile Library Mobile Library 07/11/2025 Delivery of Books Act Division 499.00 ZIN 327.2 EN-130623 1 499.00 English Books

© Delhi Public Library
Hit Counter
free hit counter